|
|
|
|
| LEADER |
01866nam a2200385 a 4500 |
| 001 |
000952832 |
| 003 |
CZ BrMZK |
| 005 |
20090910120547.0 |
| 007 |
ta |
| 008 |
090703s2008 xo a e f 000 0 cze |
| 020 |
|
|
|a 978-80-89132-70-6
|q (brož.)
|
| 040 |
|
|
|a BOA001
|b cze
|
| 041 |
1 |
|
|a cze
|h slo
|
| 072 |
|
7 |
|a 378
|x Vysoké školy
|2 Konspekt
|9 22
|
| 080 |
|
|
|a 378.2
|2 MRF
|
| 080 |
|
|
|a 371.279.8
|2 MRF
|
| 080 |
|
|
|a (072)
|2 MRF
|
| 100 |
1 |
|
|a Katuščák, Dušan,
|d 1946-
|7 kup19940000047145
|4 aut
|
| 245 |
1 |
0 |
|a Jak psát závěrečné a kvalifikační práce :
|b jak psát bakalářské práce, diplomové práce, dizertační práce, specializační práce, habilitační práce, seminární a ročníkové práce, práce studentské vědecké a odborné činnosti, jak vytvořit bibliografické citace a odkazy a citovat tradiční a elektronické dokumenty /
|c Dušan Katuščák, Barbora Drobíková, Richard Papík
|
| 260 |
|
|
|a Nitra :
|b Enigma,
|c c2008
|
| 300 |
|
|
|a 161 s. :
|b il. ;
|c 24 cm
|
| 500 |
|
|
|a Přeloženo ze slovenštiny?
|
| 500 |
|
|
|a Na rubu tit. s. v CIP záznamu uvedeno: 5. vyd., v českém jazyce 1.
|
| 504 |
|
|
|a Obsahuje bibliografii a bibliografické odkazy
|
| 500 |
|
|
|a Dostupné též v digitální podobě v aplikaci Kramerius
|
| 650 |
0 |
7 |
|a vysokoškolské kvalifikační práce
|7 ph195468
|2 czenas
|
| 650 |
0 |
7 |
|a závěrečné práce
|7 ph202177
|2 czenas
|
| 655 |
|
7 |
|a metodické příručky
|7 fd132826
|2 czenas
|
| 700 |
1 |
|
|a Drobíková, Barbora,
|d 1976-
|7 uk2006347643
|4 aut
|
| 700 |
1 |
|
|a Papík, Richard,
|d 1962-
|7 jn99240000834
|4 aut
|
| 856 |
4 |
1 |
|u http://www.digitalniknihovna.cz/mzk/uuid/uuid:95ceacd0-7db2-11e7-aab4-005056827e52
|y Digitalizovaný dokument
|x NDK
|
| 910 |
2 |
|
|a BOA001
|b 2-1225.797
|
| 990 |
|
|
|a BK
|
| 991 |
|
|
|b 200907
|c NOV
|
| 996 |
6 |
|
|b 2610383215
|c 2-1225.797
|l MZK
|r HSS 4p
|n 0
|p kup
|h 378 KAT
|w 001084713
|u 000010
|a 0
|e BOA001
|j MZK50
|s P
|